000 01069nam a22002777a 4500
001 BD-DhSA 9379
003 BD-DhSAU
005 20181210105356.0
008 150613b2012 bg a|||| m||| 00| 0 eng d
040 _aBD-DhSAU
082 _222
_a631.4
_bK5275
100 _aKhanam, Aysha
_eRegistration # 05-01563
245 _aAdoption of selected rice varieties at farm level /
_bMS thesis
_cAysha Khanam
260 _aSher-e-Bangla Agricultural Uniersity :
_bDepartment of Soil Science
_c2012
300 _a80 p. :
_bill. ;
_c29 cm.
500 _aMS thesis of Department of Soil Science , Faculty of Agriculture, Sher-e-Bangla Agricultural University, Dhaka, Bangladesh
504 _aIncludes bibliographical reference.
590 _aerfat
650 _aSoil Science
650 _aAdoption of selected
650 _arice varieties at farm level
700 _a Islam, Md Rafiquel
_eSuperviser
700 _eCo-superviser
_aHaque, M Zahidul
856 _uhttp://archive.saulibrary.edu.bd:8080/xmlui/handle/123456789/875
942 _2ddc
_cTHESIS
999 _c9379
_d9379